MCSE guide to Microsoft Exchange Server 2003 administration (Record no. 33071)
[ view plain ]
| 000 -LEADER | |
|---|---|
| fixed length control field | 00444nam a22001697a 4500 |
| 005 - DATE AND TIME OF LATEST TRANSACTION | |
| control field | 20230720082315.0 |
| 008 - FIXED-LENGTH DATA ELEMENTS--GENERAL INFORMATION | |
| fixed length control field | 230720b |||||||| |||| 00| 0 eng d |
| 020 ## - INTERNATIONAL STANDARD BOOK NUMBER | |
| ISBN | 0619121270 |
| 082 ## - DEWEY DECIMAL CLASSIFICATION NUMBER | |
| Classification number | 005.71 |
| Item number | CHA-M |
| 100 ## - MAIN ENTRY--AUTHOR | |
| Author Name | Chambers, Larry; |
| 245 ## - TITLE STATEMENT | |
| Title | MCSE guide to Microsoft Exchange Server 2003 administration |
| 260 ## - PUBLICATION, DISTRIBUTION, ETC. | |
| Place of Publication | Canada |
| Name of publisher, distributor, etc. | Thomson |
| Date of publication, distribution, etc. | 2006 |
| 300 ## - PHYSICAL DESCRIPTION | |
| Pages | 548p |
| 500 ## - GENERAL NOTE | |
| General note | Index Include. |
| 650 ## - SUBJECT ADDED ENTRY--TOPICAL TERM | |
| Subject / Department | Electronic Data |
| 952 ## - LOCATION AND ITEM INFORMATION (KOHA) | |
| -- | 0 |
| -- | 0 |
| Lost status | Damaged status | Collection code | Permanent Location | Current Location | Shelving Location | Date acquired | Full Call Number | Accession No./Barcode | Date last seen | item type | Koha item type |
|---|---|---|---|---|---|---|---|---|---|---|---|
| CS/IT | Superior Information Resource Center (SIRC) Superior University- Gold Campus | Superior Information Resource Center (SIRC) Superior University- Gold Campus | Electronic Data | 07/20/2023 | 005.71 CHA-M 2006 | 19469 | 07/20/2023 | BOOK | BOOK |
